Vista normal
Vista MARC
Entrada Materia (tema)
Número de registros utilizados en: 4
001 - CONTROL NUMBER
- control field: 65215
003 - CONTROL NUMBER IDENTIFIER
- control field: Co-BoUCM
005 - DATE AND TIME OF LATEST TRANSACTION
- control field: 20141014092814.0
008 - FIXED-LENGTH DATA ELEMENTS
- fixed length control field: 141014|| aca||aabn | a|a d
040 ## - CATALOGING SOURCE
- Original cataloging agency: Co-BoUCM
- Transcribing agency: Co-BoUCM
150 ## - HEADING--TOPICAL TERM
- Topical term or geographic name as entry element: Geografía
- General subdivision: Procesamiento de datos
670 ## - SOURCE DATA FOUND
- Source citation: Work cat.: (Co-BoUCM)297129: Law, Michael 65213, Getting to know ArcGIS for desktop , 2013